000 01164naa a22003137a 4500
001 BR9214392
003 BR-BrBNA
005 20240918180832.0
007 ta
008 230509b bl.||||| |||| 00| 0 por d
040 _aBR-BrBNA
_bpor
_cBiblioteca Nacional de Agricultura
041 _a(Pt)
072 _aQ02
_b2120
090 _aQ02 BR9214392
100 1 _aGuimaraes, A.C.
100 1 _aQueiroz, D.M. de
100 1 _aDonzeles, S.M.L.
111 1 _a20. Congresso Brasileiro de Engenharia Agricola
_cLondrina, PR (Brazil)
_d21-26 Jul 1991
245 1 _aSecagem de cafe em secador de leito fixo
246 1 _aDrying of coffee beans in a fixed bed
246 1 _aAnnals of 20. Brazilian Congress of Agricultural Engineering
260 3 _aLondrina, PR (Brasil):
_c1992.
500 _aAnais do 20. Congresso Brasileiro de Engenharia Agricola Londrina, PR (Brasil): 1992. v. 2 p. 1476-1495 (BR9214392-AM)Q02
650 _aCafe
650 _aSecador
773 0 _tAnais do 20. Congresso Brasileiro de Engenharia Agricola
_wQ02 BR9214392
_gLondrina, PR (Brasil), 1992. v. 2 p. 1476-1495
909 _a202404
_bLucia
_c55
_dLucia Elande
942 _cAM
_2AGRIS
999 _c322223
_d322223